| 000 | 00526cam a22001814a 4500 | ||
|---|---|---|---|
| 005 | 20250605163551.0 | ||
| 008 | 250528s ||||||||||||||||||||||||d | ||
| 035 | _a21875 | ||
| 040 |
_aGR-AtMCL _bgre _dGR-AtMCL _eAACR2 |
||
| 245 | 1 | _aΓΡΑΜΜΙΚΟΣ ΠΡΟΓΡΑΜΜΑΤΙΣΜΟΣ ΑΡΙΣΤΟΠΟΙΗΣΗ ΣΕ ΔΙΚΤΥΑ ΤΟΜΟΣ Α | |
| 250 | _a3 | ||
| 260 |
_bΑυτοεκδοση, _c1994 |
||
| 300 | _a467 | ||
| 700 | 1 | _aΛουκακης Μανωλης | |
| 942 | _cBK | ||
| 999 |
_c6933 _d6933 |
||